00000000nam 2200000zi 4500
0019.948129
003CaOODSP
00520250219080810
006m     o  d f      
007cr cn|||||||||
008250218s1979    oncbd   ob   f000 0 eng d
040 |aCaOODSP|beng|erda|cCaOODSP
0410 |aeng|beng|bfre
043 |an-cn-nt
0861 |aEn57-55/79-15E-PDF
1001 |aHeadley, A. N., |eauthor.
24510|aClimatic analysis of Craig Harbour, N.W.T. / |cby A.N. Headley.
264 1|aDownsview, Ontario : |bAtmospheric Environment Service, Climatological Services Division, |c1979.
300 |a1 online resource (25 pages) : |bmaps, graphs.
336 |atext|btxt|2rdacontent
337 |acomputer|bc|2rdamedia
338 |aonline resource|bcr|2rdacarrier
4901 |aCanadian Climate Centre report ; |vno. 79-15
500 |aDigitized edition from print [produced by Environment and Climate Change Canada].
500 |a"This report has received only limited circulation because of the special nature of the project. However, reference is permitted if the words "Unpublished manuscript" are made part of the bibliographic entry, in accordance with accepted practice."
504 |aIncludes bibliographical references (page 7).
5203 |a"This study examines the various meteorological elements observed at Craig Harbour from 1933 to 1940 and compares the resulting analyses with what is known of the general climate of the north Baffin Bay area"--Abstract.
546 |aIncludes abstracts in English and French.
650 0|aMeteorology|zNunavut|zEllesmere Island|vObservations.
650 0|aHarbors|xEnvironmental aspects|zNunavut|zEllesmere Island.
650 6|aMétéorologie|zNunavut|zEllesmere, Île d'|vObservations.
650 6|aPorts|xAspect de l'environnement|zNunavut|zEllesmere, Île d'.
651 0|aEllesmere Island (Nunavut)|xClimate|vObservations.
651 6|aEllesmere, Île d' (Nunavut)|xClimat|vObservations.
7102 |aCanadian Climate Centre, |eissuing body.
830#0|aCanadian Climate Centre report ;|vno. 79-15.|w(CaOODSP)9.934183
85640|qPDF|s30.7 MB|uhttps://publications.gc.ca/collections/collection_2025/eccc/en57/En57-55-79-15-eng.pdf